00389nam a22001337a 4500008004100000040005500041080001900096100002100115245004300136260003700179300001000216650001500226653001400241230502b |||||||| |||| 00| 0 eng d aNational Science LibrarycNational Science Library aR 92:22/28bK2 aRaben, Charles E aTeilhard de Chardin scientist and seer aLondon: bSt. Jams's Placec1962 a221p. aManagement aDirectory